Historia de la iglesia primitiva: desde el siglo I hasta la muerte de Constantino

Guardat en:
Dades bibliogràfiques
Autors principals: Backhouse, E (Autor), Tyler, C (Autor)
Format: Llibre
Idioma:espanyol
Publicat: Barcelona Clie 2004
Matèries:
Etiquetes: Afegir etiqueta
Sense etiquetes, Sigues el primer a etiquetar aquest registre!

MARC

LEADER 00000cam a2200000 a 4500
001 UCF1447
003 CL-VaPUC
008 120706e20040000SP |||||||||||||||||spa|d
020 |a 9788482673097 
082 0 4 |a 270  |b BAC  |2 21 
100 0 |a Backhouse, E  |e author  |9 562984 
700 0 |a Tyler, C  |e author  |9 562985 
245 1 0 |a Historia de la iglesia primitiva: desde el siglo I hasta la muerte de Constantino 
300 |a 480 p 
942 |c BK 
945 |d 20120706 00:00:00  |a cmena 
260 |a Barcelona  |b Clie  |c 2004 
650 0 |a Historia de la iglesia   |9 257565 
650 0 |a Iglesia Católica  |9 256114 
650 0 |a Cristianismo  |9 257361 
650 7 |a EVANGELIZACION  |2 CL-VaPUC  |9 562986 
583 |a last modification  |c 20120706 10:37:00  |k Rodrigo Vera 
999 |c 348225  |d 348223 
952 |0 0  |1 0  |4 0  |6 270_000000000000000_BAC_2004  |7 0  |8 A  |9 450174  |a BIBTEO  |b BIBTEO  |d 2019-11-22  |i 4880730  |o 270 BAC 2004  |p 4880730  |r 2025-01-17  |w 2019-11-22  |y BK  |k ICR